000 00400nam a22001577a 4500
005 20260116115432.0
008 260116b |||||||| |||| 00| 0 eng d
020 _a978-81-89005-82-5
050 _aLB 1028.43 .M64 2011
100 _aMOHANTY, R.K.
245 _aCOMPUTER EDUCATION
260 _aNEW DELHI
_bLOTUS PRESS
_c2011
300 _aIV,262P.
500 _aINCLUDES INDEX
942 _2lcc
_cBK
999 _c216464
_d216464